000 00550nam a2200181Ia 4500
008 090124s9999 xx 000 0 und d
082 _b16757
_a2231
100 _aदत्ता केशव
245 _a माझा कुणा म्हणू मी
250 _a1
260 _c1968
300 _a89
600 _aदत्ता केशव
630 _a माझा कुणा म्हणू मी
700 _aदत्ता केशव
730 _a माझा कुणा म्हणू मी
942 _cBOOK
999 _c130697
_d130697